BTS Trivia Quiz - Statistics

General Stats
  • This quiz has been taken 248 times
    247 since last reset
  • The average score is 9 of 15
Answer Stats
Clue Answer % Correct
Which member has an older sister who is popular on Instagram and has her own fashion line? j-hope
98%
Which member was BTS's hidden member before debut? V
93%
Which member is known for having a wide set of shoulders? Jin
91%
Who was the last member to join BTS? Jimin
90%
This member created the phrase 아포방포 (apobangpo), meaning ARMY forever Bangtan forever. Jungkook
89%
Which member admitted to crying in the shower after the AMAs in the group's 2018 Dinner Festa video? Suga
85%
Which debut solo album was the first to be released amongst the group? RM (2015)
78%
Which phrase, according to V, means "I will trust and love you for a long time"? I purple you
51%
What is the English word Jimin has tattooed on his abdomen, first revealed at the 2014 MAMAs? Nevermind
49%
Which major music festival did j-hope headline the summer of 2022? Lollapalooza
44%
What is V's friend group (outside of BTS) known as? Wooga Squad
33%
Which musical artist has inspired and influenced RM, according to RM himself? Nas
25%
Which other K-pop group did BTS "battle" against at the 2014 MAMAs? Block B
22%
What is the name of the song that V wrote after his fight with Jimin? 4 o'clock
20%
Which video game is Jin a superfan of? MapleStory
10%
No matching quizzes found
Score Distribution
Percent of People with Each Score
Percentile by Number Answered
Your Score History
You have not taken this quiz since the last reset